01485nab a2200325 uc450000100070000000500170000700800410002403500110006503500210007604000130009704100080011010000390011824501490015752002720030665000410057865000260061965000330064565000340067865000540071265000390076665000300080570000410083570000440087670000520092070000450097270000430101777300700106094200100113099900190114082802120240520091404.0030624e20021105 spa  a828021 a(OCoLC)820032775 ccomduadb aspa10aGonzalez, Yamile4auteaut937704710aAproximaciones a la ensenanza de la lengua escrita como segunda lengua en personas sordas del colegia Francisco Luis Hernandez Betancur (CIESOR)3 aSe presenta la experiencia de la práctica y el proyecto pedagógico "Aproximaciones a la enseñanza de la lengua escrita como segunda lengua a personas sordas", la cual se desarrolló entre los años 2001 y 2002 en el Colegio Francisco Luis Hernández Betancur 7aEscrituraxEnseñanza2lemb9165056 aSegunda lengua980152 aSordomudos - Educacion91452 7aEducación de sordos295815 aColegio Francisco Luis Hernandez Betancur9112765 aSordera - Aspectos sociales910111 0aLenguaje de señas9292810aLora, Fanny Janeth4auteaut941939410aRendon, Liliana Maria4auteaut937781110aSaldarriaga, Claudia Cristina4auteaut937781210aConsuegra, Jhon Freddy4auteaut937781310aFranco, Julia Alexis4auteaut93778140 tHuellas (Medellín)gNo. 06, Nov. 2002, p. 13-20w6453140187860 cARIMP c282692d282692